| 000 | 00839cam a2200229 4500 | ||
|---|---|---|---|
| 001 | ABS68191 | ||
| 008 | 040916n2004 000 0 eng u | ||
| 035 | _a(Sirsi) u127433 | ||
| 100 | _aRussell, L. | ||
| 245 | _aSomething in the air | ||
| 260 | _c2004 | ||
| 490 |
_aNew Civil Engineer _v9 September 2004, 30-31(2) |
||
| 520 | _aLooks at the design of the Swiss Re tower in London in relation to new environmental legislation. Building design will have to incorporate more environmental modelling as buildings aim to be more environmentally friendly. | ||
| 590 | _aABS | ||
| 590 | _aABS | ||
| 650 | _aSWISS RE | ||
| 650 | _aENVIRONMENTAL DESIGN | ||
| 650 | _aENVIRONMENTALLY FRIENDLY BUILDINGS | ||
| 650 | _aBUILT ENVIRONMENT-CONSTRUCTION DESIGN | ||
| 690 | _aBUILDING AND CONSTRUCTION-DESIGN AND STRUCTURES | ||
| 942 | _n0 | ||
| 999 |
_c118010 _d118010 |
||